LEADER 01316nam a2200301 u 4500 001 000000030572 003 CaOOAMICUS 005 20150722094316.0 008 970917s1969 it u000 u ita u 035 $a10769698 040 $aPUL$bita 100 1 $aRad, Gerhard von.$0(OLS)http://pul/name/5945 240 10$aErste Buch Mose (Genesis 1-12,9).$lItaliano.$0(OLS)http://pul/title/41990 245 10$aGenesi (capitoli 1-12) /$cTraduzione e commento di Gerhard von Rad ; Edizione italiana a cura di Omero Soffritti. 260 $aBrescia :$bPaideia,$c1969. 300 $a199 p. ;$c20 cm 490 1 $aAntico Testamento ;$v2 500 $a"Titolo originale dell'opera: Gerhard von Rad, Das erste Buch Mose (Genesis 1-12,9)". 533 $aFotocopia.$bRoma,$cPUL,$d1993. 630 04$aBiblia.$pV.T.$pGenesis.$nI-XII.$0(OLS)http://pul/subject/17213 700 1 $aSoffritti, Omero.$0(OLS)http://pul/name/6838 830 0$aAntico Testamento ;$v2.$0(OLS)http://pul/title/18620 850 $aPUL 852 $aPUL$W1$xSL Religione 1$y3$m1(6) H 2$j42267$nBK-PRI$qStampati$B42267$CPULBib$Z2$F42267 $H69813 $82 941 1 $a8 961 $aINV: 69813 996 $6245$aGenesi (capitoli 1-12)$9(OLS)http://pul/title/41991 996 $6260$aBrescia :$bPaideia$9(OLS)http://pul/publisher/47884 LEADER 01401naa a2200313 a 4500 001 000000134961 003 CaOOAMICUS 005 20130716132017.0 008 130716s2005 it u000 u ita r 020 $a88-14-12335-7 040 $aPUL$bita 082 04$a346.01 245 00$aTrenta anni dalla riforma del diritto di famiglia /$ca cura di Giampaolo Frezza ; contributi di Angelo Falzea ... [et al.]. 260 $aMilano :$bGiuffrè,$c2005. 300 $aXI, 172 p. ;$c24 cm. 490 1 $aIl diritto di famiglia e delle persone.$aStudi ;$v18 504 $aInclude indice e bibliografia in nota. 650 4$aDiritto di famiglia$zItalia.$0(OLS)http://pul/subject/38585 700 1 $aFalzea, Angelo.$0(OLS)http://pul/name/28001 700 1 $aFrezza, Giampaolo.$0(OLS)http://pul/name/86940 830 3$aIl diritto di famiglia e delle persone.$pStudi ;$v18.$0(OLS)http://pul/title/53078 850 $aPUL 852 $aPUL$W1$xSL Diritto e Scienze Sociali 3$y79$m346. 01 FREGI 1$j155322$qDDC 21$B154870$CPULBib$Z2$F154870 $H122747 $82 941 1 $a9 996 $6020$a88-14-12335-7$9(OLS)http://pul/number/153317 996 $6082$a346.01$9(OLS)http://pul/classification/2018 996 $6245$aTrenta anni dalla riforma del diritto di famiglia$9(OLS)http://pul/title/170687 996 $6260$aMilano :$bGiuffrè$9(OLS)http://pul/publisher/48401